| 000 | 00450nam a2200157Ia 4500 | ||
|---|---|---|---|
| 003 | LK-CoDNM | ||
| 008 | 010623t2005 xxu||||| |||| 00| 1 eng d | ||
| 040 |
_aLK-CoDNM _dLK-CoDNM _eLK-CoDNM |
||
| 041 | _aeng | ||
| 080 | _a82 GOO | ||
| 100 | _aGoonetilleke, D.C.R.A. | ||
| 245 | _aSri Lankan English literature and the Sri Lankan people 1917-2003 | ||
| 260 |
_bVijitha Yapa publications _aSri Lanka _c2005 |
||
| 300 | _b(vii)318, 22 cm | ||
| 942 | _cBK | ||
| 999 |
_c124433 _d124433 |
||